000 00675cab a22001935a 4500
001 L158252
008 141113e20141018xxk 000 0 eng d
035 _a(Sirsi) u158252
041 0 _aeng
100 1 _aColby, Allyson
245 0 0 _aWeasel words
260 _c2014
490 _aEstates Gazette
_v(1442) 18 October 2014, 107(1)
520 _aConsiders the risks of drafting and advising on conditional contracts. Includes the key point that the construction of a document is an attempt to discover what a reasonable person would have understood the parties to mean.
590 _aKA
651 4 _aEngland and Wales
_y1543-
690 _aContracts
_96232
942 _n0
999 _c84545
_d84545